Philadelphia Eagles: Top 10 All-Time Leaders - Statistics

General Stats
  • This quiz has been taken 111 times
  • The average score is 22 of 62
Answer Stats
Rushing Yards # Player Amount % Correct
Passing Yards 6 Jalen Hurts 14,920
99%
Passing Yards 1 Donovan McNabb 32,873
94%
Passing Yards 4 Carson Wentz 16,811
93%
Passing Yards 3 Randall Cunningham 22,877
85%
Rushing Yards 6 Randall Cunningham 4,482
85%
Rushing Yards 1 LeSean McCoy 6,792
82%
Tackles 4 Reggie White 794
82%
Sacks 1 Reggie White 124.0
82%
Sacks T6 Greg Brown 57.5
79%
Rushing Yards 9 Timmy Brown 3,703
79%
Passing Yards 10 Nick Foles 8,703
78%
Passing Yards 8 Michael Vick 9,984
71%
Passing Yards 2 Ron Jaworski 26,963
70%
Rushing Yards 3 Brian Westbrook 5,995
69%
Receiving Yards 3 DeSean Jackson 6,512
69%
Receiving Yards 1 Harold Carmichael 8,978
69%
Sacks 3 Brandon Graham 76.5
65%
Tackles 5 Brian Dawkins 723
64%
Interceptions T1 Brian Dawkins 34
64%
Sacks 5 Fletcher Cox 70.0
63%
Receiving Yards 5 Zach Ertz 6,267
51%
Rushing Yards 8 Miles Sanders 3,708
46%
Receiving Yards 10 Jeremy Maclin 4,771
38%
Receiving Yards 9 Brent Celek 4,998
36%
Receiving Yards 4 Mike Quick 6,464
34%
Interceptions T10 Asante Samuel 23
33%
Interceptions T1 Eric Allen 34
33%
Tackles 8 Jeremiah Trotter 565
28%
Rushing Yards 2 Wilbert Montgomery 6,538
27%
Rushing Yards 7 Ricky Watters 3,794
26%
Rushing Yards 4 Steve Van Buren 5,860
26%
Tackles 9 Trent Cole 436
25%
Sacks 2 Trent Cole 85.5
25%
Rushing Yards 5 Duce Staley 4,807
20%
Receiving Yards 7 Tommy McDonald 5,499
20%
Tackles 2 Seth Joyner 875
18%
Tackles 6 Clyde Simmons 720
17%
Sacks 4 Clyde Simmons 76.0
17%
Tackles 10 Troy Vincent 428
17%
Interceptions 7 Troy Vincent 28
17%
Passing Yards 5 Norm Snead 15,672
16%
Tackles 1 Andre Waters 910
15%
Passing Yards 9 Sonny Jurgensen 9,639
15%
Interceptions 4 Herm Edwards 33
11%
Interceptions T10 Roynell Young 23
11%
Tackles 7 William Thomas 597
11%
Passing Yards 7 Tommy Thompson 10,240
9%
Interceptions 5 Wes Hopkins 30
9%
Interceptions T1 Bill Bradley 34
8%
Tackles 3 Byron Evans 806
8%
Sacks 9 Hugh Douglas 54.5
8%
Receiving Yards 2 Pete Retzlaff 7,412
8%
Receiving Yards 6 Pete Pihos 5,619
7%
Sacks 8 Dennis Harrison 55.5
6%
Receiving Yards 8 Bobby Walston 5,363
2%
Interceptions T10 Randy Logan 23
2%
Rushing Yards 10 Tom Woodeshick 3,563
2%
Sacks T6 Carl Hairston 57.5
1%
Interceptions 6 Don Burroughs 29
1%
Interceptions T8 Ernie Steele 24
1%
Interceptions T8 Joe Scarpati 24
1%
Sacks 10 Ken Clarke 48.0
1%
No matching quizzes found
Score Distribution
Percent of People with Each Score
Percentile by Number Answered
Your Score History
You have not taken this quiz